[Event "Trapiche Alagoano op 49th"]
[Site "Trapiche"]
[Date "2023.12.16"]
[Round "3"]
[White "Azevedo Junior, Jose Ferreira"]
[Black "Da Costa, Jessyckon Peterson"]
[Result "1-0"]
[WhiteElo "2138"]
[BlackElo "1800"]
[PlyCount "65"]
[EventDate "2023.12.15"]
[EventType "swiss"]
[EventRounds "6"]
[EventCountry "BRA"]
[SourceTitle "CB51_2023"]
[SourceDate "2023.12.20"]
[SourceVersion "1"]
[SourceVersionDate "2023.12.20"]
[SourceQuality "1"]

1. c4 c6 2. d4 d5 3. e3 e6 4. Nc3 Nf6 5. Nf3 Nbd7 6. Qc2 Be7 7. b3 0-0 8. Bb2 b6 9. Bd3 Bb7 10. 0-0 Rc8 11. e4 dxe4 12. Nxe4 c5 13. Rad1 Nxe4 14. Bxe4 Bxe4 15. Qxe4 Nf6 16. Qe2 cxd4 17. Nxd4 Qc7 18. Nb5 Qb7 19. Bxf6 gxf6 20. Nd6 Bxd6 21. Rxd6 Qe7 22. Rfd1 Rfd8 23. R6d3 Rxd3 24. Qxd3 Rc7 25. h3 Kh8 26. Qd4 e5 27. Qh4 f5 28. Rd8+ Kg7 29. Qg3+ Kf6 30. Qg8 Qa3 31. Kh2 Qc5 32. Qxh7 e4 33. Rd5 1-0